000 00386pab a2200157 454500
008 180718b2010 xxu||||| |||| 00| 0 eng d
100 _aMoon, E. Pendral
245 _aCriminal administration in the non-tribal areas of Manipur
260 _c2010
300 _ap.98-100.
362 _aOct-Dec
650 _aCrime
773 _aIndian Police Journal
908 _aN
909 _a92950
999 _c92950
_d92950